Materiales Educativos aplicables a educación inicial y primaria / (Record no. 22706)

000 -CABECERA
fixed length control field 00913nam a22002297i 4500
003 - IDENTIFICADOR DEL NÚMERO DE CONTROL
control field AR-CdUCM
008 - DATOS DE LONGITUD FIJA--INFORMACIÓN GENERAL
fixed length control field 231004b20142014pe a|oa| |||| 001 0 spa d
040 ## - FUENTE DE LA CATALOGACIÓN
Agencia/entidad que catalogó originalmente la obra MUNICIPALIDAD PROVINCIAL DEL CUSCO
Entidad que transcribió la catalogación BIBLIOTECA MUNICIPAL DEL CUSCO
082 ## - NÚMERO DE LA CLASIFICACIÓN DECIMAL DEWEY
No. de Clasificación 371.33 / D71
Notacion interna D71
100 ## - ENTRADA PRINCIPAL--NOMBRE DE PERSONA
Nombre Personal Diaz Salas, Antonio Edilfonso
245 ## - MENCIÓN DE TÍTULO
Título Materiales Educativos aplicables a educación inicial y primaria /
Mención de responsabilidad Díaz Salas, Antonio Edilfonso
246 ## - FORMA VARIANTE DE TÍTULO
Título propiamente dicho/Título corto Materiales Educativos
260 ## - PUBLICACIÓN, DISTRIBUCIÓN, ETC.
Lugar de publicación, distribución, etc. Cusco :
Nombre de la editorial, distribuidor, etc. Municipalidad Provincial de Canchis,
Fecha de publicación, distribución, etc. 2014.
300 ## - DESCRIPCIÓN FÍSICA
Nº de Páginas Extensión 76 páginas. :
Dimensiones 21 cm.
500 ## - NOTA GENERAL
Bibliografía Bibliografía: página: 76
505 ## - NOTA DE CONTENIDO CON FORMATO
Nota de contenido formateada Materiales educativos -- Teorías -- Soporte conceptual básico -- Materiales educativos aplicables a educación inicial
650 ## - PUNTO DE ACCESO ADICIONAL DE MATERIA--TÉRMINO DE MATERIA
Descriptor Material educativo
9 (RLIN) 43719
650 ## - PUNTO DE ACCESO ADICIONAL DE MATERIA--TÉRMINO DE MATERIA
Descriptor Historia de la humanidad
9 (RLIN) 14179
942 ## - ELEMENTOS DE PUNTO DE ACCESO ADICIONAL (KOHA)
Fuente de clasificación
Tipo de item Libros-BMC
945 ## - PROCESAMIENTO DE INFORMACIÓN LOCAL (OCLC)
Catalogador pebm
AAAA-MM-DD - Fecha de ingreso o modificacion 2023-10-04
Holdings
Estado de retiro (separado) Fuente de clasificación o esquema de estanterías Estado dañado Ubicación Sala donde se ubica Nombre de la colección Fecha de adquisición o compra Fuente de adquisición Costo, precio normal en soles Signatura topográfica Código de Barras Última vez visto (Koha) Tipo de ítem (Koha)
No     Sala Humanidades Sala Humanidades Book Cart 2023-10-04 Donación 10.00 371.33 / D71 SH0000016537 2023-10-04 Libros-BMC

Powered by Koha